All Billie Eilish Songs - Statistics

Estatísticas Gerais
  • Esse quiz foi jogado 158 vezes
  • A pontuação média é 19 de 52
Estatísticas das Respostas
Year
released
Album Feat. Song % Correto
2021 Happier Than Ever No one Happier Than Ever
85%
2019 When We All Fall Asleep, Where Do We Go? No one Bad Guy
81%
2016 Don't Smile at Meand Soundtrack of "Everything and Everything" No one Ocean Eyes
63%
2018 Soundtrack of "Thirteen Reasons Why" Khalid Lovely
52%
2018 Soundtrack of"Thirteen Reasons Why" Aron Forbes and Tim Anderson Bored
51%
2017 Don't Smile at Me No one Bellyache
50%
2019 When We All Fall Asleep, Where Do We Go? No one Bury a Friend
50%
2022 Guitar Songs No one TV
50%
2019 When We All Fall Asleep, Where Do We Go? No one 8
49%
2019 When We All Fall Asleep, Where Do We Go? No one All the Good Girls go to Hell
48%
2019 When We All Fall Asleep, Where Do We Go? No one Xanny
48%
2019 Don't Smile at Me No one I Love You
47%
2017 Don't Smile at Me No one Copycat
46%
2023 Barbie: The Album No one What Was I Made For?
46%
2020 Soundtrack of"007" No one No Time to Die
45%
2017 When We All Fall Asleep, Where Do We Go? No one idontwannabeyouanymore
44%
2021 Happier Than Ever No one Billie Bossa Nova
42%
2019 When We All Fall
Asleep, Where Do
We Go?
No one Ilomilo
42%
2021 Happier Than Ever No one Oxytocin
42%
2017 Don't Smile at Me No one My Boy
41%
2021 Happier Than Ever No one Getting Older
40%
2021 Happier Than Ever No one NDA
40%
2017 Don't Smile at Me No one Watch
40%
2021 Happier Than Ever No one Goldwing
39%
2020 Happier Than Ever No one My Future
39%
2021 Happier Than Ever No one Your Power
39%
2017 Not added Vince Staples &burn
37%
2021 Happier Than Ever No one Lost Cause
35%
2019 Not added No one Everything I Wanted
34%
2019 When We All Fall
Asleep, Where Do
We Go?
No one Goodbye
34%
2019 When We All Fall
Asleep, Where Do
We Go?
No one When The Party's Over
34%
2018 When We All Fall
Asleep, Where Do
We Go?
No one You Should See Me In A Crown
34%
2021 Happier Than Ever No one Male Fantasy
33%
2022 Guitar Songs No one The 30th
33%
2019 When We All Fall Asleep, Where Do We Go? No one Wish You Were Gay
33%
2021 Happier Than Ever No one Halley's Comet
32%
2019 Happier Than Ever No one Listen Before I Go
30%
2020 Happier Than Ever No one Therefore I Am
30%
2018 Don't Smile at Me No one Party Favor
29%
2021 Don't Smile at Me No one Hostage
28%
2021 When We All Fall
Asleep, Where Do
We Go?
No one I Didn't Change My Number
23%
2019 When We All Fall Asleep, Where Do We Go? No one My Strange Addiction
23%
2021 Soundtrack of"Euphoria" Rosalía Vila Tobellaand Pablo Díaz-Reixa Lo Vas A Olvidar
22%
2019 Soundtrack of "Rome" No one When I Was Older
22%
2018 Not added No one Bitches Broken Hearts
21%
2021 Happier Than Ever No one Overheated
21%
2016 Not added No one Six Feet Under
20%
2018 Not added No one Come Out and Play
19%
2021 Happier Than Ever No one Everybody Dies
19%
2021 Happier Than Ever No one Not My Responsibility
14%
2018 Happier Than Ever Drake, Paul Jefferies and Timmy Thomas Hotline Bling
6%
2020 One World: Togetherat Home Bobby Hebb Sunny
3%
Nenhum quiz correspondente encontrado
Distribuição das Pontuações
Porcentagem de Pessoas com Cada Pontuação
Percentil de Números Respondidos
Sua Pontuação Histórica
Você não jogou esse quiz